00560cam a2200169 4500001001100000008004100011035001500052050002500067100002700092245010000119260004400219300002100263440003000284500001200314650003000326700003400356BFIL006228 1941 spa  aBFIL006228 4aPR4501b.C6 C66 19411 aConway, Hugo 1847-1885 0aMisterio : (called back) : novela /cHugo Conway ; tr. dir. del ing. de Rafael Jimenez Orderiz. aBuenos Aires :bSopena Argentina,c1941 a122 p. ;c23 cm. 0aBiblioteca Mundial Sopena a1 ejem. 4aNovela InglesaxSiglo XIX1 aJimenez Orderiz, Rafael,etr.